000
00306nam a2200109Ia 4500
008
200302s9999 xx 000 0 und d
100
_a
Paul Stivenson Oles AIA
245
_a
Arcitectural Illustration The Value Delineation Process
260
_b
Van Nostrand Renhold Company
260
_c
1979
300
_a
249 P.,
999
_c
799
_d
799